00499nam a2200169Ia 4500008004100000040001900041041001200060082002500072100002600097245005300123260005400176300001900230504002600249650001900275651001700294850001800311131103s9999 xx 000 0 und d aLoreto College aEnglish a842/ANObLCLIB/22055 aPronko,Leonard Cabell 4aThe World of Jean AnouilhcLeonard Cabell Pronko aLos angelesbUniversity of california pressc1968 a261p. c 22cm. aIncludes bibliography aAnouilh, Jean  aFrench drama aLCLIB/842/ANO